000 nam a22 7a 4500
999 _c8136
_d8136
008 171129b xxu||||| |||| 00| 0 eng d
100 _94574
_aCBSE
245 _aMATHEMATICS -XII SAMPLE PAPERS
260 _aNEW DELHI
_bU-LIKE
_c2018